| 000 | 00369nam a2200133Ia 4500 | ||
|---|---|---|---|
| 008 | 221216s9999||||xx |||||||||||||| ||und|| | ||
| 020 | _a9906251103 | ||
| 040 | _cChuka University Library | ||
| 050 |
_aDT 433.576 _b.K46A84 1992 |
||
| 100 |
_aAseka ,Eric _92182 |
||
| 245 | 0 | _aMakers of Kenya's History:Mzee jomo Kenyatta | |
| 260 |
_aEAEP _bNairobi _c1992 |
||
| 942 |
_cBK _01 |
||
| 999 |
_c3012 _d3012 |
||